00613nam a2200193Ia 4500008004100000020001500041082001500056100001800071245001900089250000700108260003800115300002700153500001900180600002100199650005000220942000700270952012700277999001500404240925s9999 xx 000 0 und d a8122404960 a004.11 RAJ aRajaraman , V 0aSuperComputers aNA aNew Delhi:bWiley Easternc,1993. axvi,437p.bNAfPirated aIncludes Index aComputer Science aComputer science, information & general works cBK 011040708CSaUITUbUITUd1995-09-13eJumbo Book Sale g56.00l0o004.11 RAJpQ0225r2024-09-25 07:12:01w2024-09-25yBK c2724d2724